| 000 | 00515nam a2200181 a 4500 | ||
|---|---|---|---|
| 001 | 926 | ||
| 003 | CDMR | ||
| 005 | 20131001125649.0 | ||
| 008 | 130130s ||||||||||||||||||||||||||||d | ||
| 040 |
_aCDMR _bcat _cCDMR |
||
| 100 | 1 |
_aPancorbo, Luís _9723 |
|
| 245 | 1 | 3 |
_aEl documentaje _b: entre el documental y el reportaje (I) _cLuis Pancorbo |
| 260 |
_bInstituto Oficial de Radio y Televisión _aMadrid _c[s.d.] |
||
| 300 | _a9 p. | ||
| 490 | 0 | _aEstudio Profesional | |
| 650 | 0 | 4 |
_93352 _aReportatges |
| 942 |
_cFULLET _2udc |
||
| 999 |
_c926 _d926 |
||